Men of the Bible, Samuel and Saul: (Record no. 3750)

000 -LEADER
fixed length control field 00615nam a2200193 a 4500
001 - CONTROL NUMBER
control field :::00001485$&:&@@
003 - CONTROL NUMBER IDENTIFIER
control field OkBaRHE
005 - DATE AND TIME OF LATEST TRANSACTION
control field 20000607103244.0
008 - FIXED-LENGTH DATA ELEMENTS--GENERAL INFORMATION
fixed length control field j 000 0 eng u
040 ## - CATALOGING SOURCE
Transcribing agency
100 1# - MAIN ENTRY--PERSONAL NAME
Personal name Deane, William J.
245 10 - TITLE STATEMENT
Title Men of the Bible, Samuel and Saul:
Remainder of title their lives and times.
260 ## - PUBLICATION, DISTRIBUTION, ETC. (IMPRINT)
Place of publication, distribution, etc New York, NY., :
Name of publisher, distributor, etc Fleming H. Revell Company
Date of publication, distribution, etc nd
300 ## - PHYSICAL DESCRIPTION
Extent 213 p. ;
Dimensions 20 cm.
650 ## - SUBJECT ADDED ENTRY--TOPICAL TERM
Topical term or geographic name as entry element Samuel, Judge of Israel
650 ## - SUBJECT ADDED ENTRY--TOPICAL TERM
Topical term or geographic name as entry element Saul, King of Israel
942 ## - ADDED ENTRY ELEMENTS (KOHA)
Source of classification or shelving scheme
Koha item type Books
Copies
Copy number Damaged status Permanent Location Shelving location Source of classification or shelving scheme Full call number Koha item type Barcode Lost status Withdrawn status Not for loan Date last seen Price effective from Date acquired
1 RHEMA Bible Training CollegeGeneral Stacks BS 580 .S2D4Books1485   2010-04-142010-04-142010-04-14